01835cam a22003375a 4500001001400000003000400014005001700018008004100035010001700076020002900093040003600122082002100158100003400179245008800213260004300301300003400344500002400378504004100402520059000443650004301033650005801076650005401134650004801188650004601236651001001282653002401292655002401316942002101340999001701361952011901378ssj0000576029OSt20151015130431.0110419t2012 njua frb 001 0 eng d a 2011015221 a9780470624210 (hardback) aDLCbengcDLCdWaSeSSdEG-ScBUE04a621.042bKNO2221 aKnopf, F. Carl,d1952-93849410aModeling, analysis and optimization of process and energy systems /cF. Carl Knopf. aHoboken :bJohn Wiley & Sons,cc.2012. axxi, 462 p. :bill. ;c29 cm. aIndex : p. 458-462. aIncludes bibliographical references. a"Energy costs impact the profitability of virtually all industrial processes. Stressing how plants use power, and how that power is actually generated, this book provides a clear and simple way to understand the energy usage in various processes, as well as methods for optimizing these processes using practical hands-on simulations and a unique approach that details solved problems utilizing actual plant data. Invaluable information offers a complete energy-saving approach essential for both the chemical and mechanical engineering curricula, as well as for practicing engineers". 0aFactoriesxEnergy conservation.2BUEsh 0aManufacturing industriesxEnergy conservation.2BUEsh 0aIndustrial efficiencyxSimulation methods.2BUEsh 0aManufacturing processesxEvaluation.2BUEsh 0aElectric power-plantsxEfficiency.2BUEsh 2BUEsh bENGGENcOctober2015 vReading book934232 2ddck621.042 KNO c20921d20893 00102ddc40708BaccahaMAINbMAINc1STd2015-10-15ePurchasel0o621.042 KNOp000039936r2025-07-15 00:00:00yBB